[Event "Moscow Open Women 2012"]
[Site "Moscow RUS"]
[Date "2012.02.04"]
[Round "8.46"]
[White "Vorotnikova,Natalia"]
[Black "Idrisova,R"]
[Result "1-0"]
[WhiteElo "1762"]
[BlackElo "2128"]

1.d4 d5 2.c4 c6 3.Nf3 Nf6 4.Nc3 a6 5.g3 e6 6.Bg2 dxc4 7.Ne5 Be7 8.a4 O-O
9.Nxc4 a5 10.O-O Na6 11.e4 Nb4 12.Bf4 b6 13.Rc1 Ba6 14.b3 Rc8 15.Qd2 b5 16.axb5 cxb5
17.Ne5 Qb6 18.Rfd1 Rfd8 19.Qe3 Nh5 20.d5 Bc5 21.Qf3 Nxf4 22.Qxf4 f6 23.Ng4 exd5
24.exd5 Bb7 25.Qf5 Bd4 26.Ne2 Rxc1 27.Rxc1 Bc5 28.Nf4 Bc8 29.Ne6 Re8 30.Be4 Bxe6
31.dxe6 Qxe6 32.Qxh7+ Kf8 33.Bf5 Qd5 34.Qh8+ Kf7 35.Qh5+ Kf8 36.Qh8+ Kf7
37.Qh5+ Kf8 38.Qh8+ Kf7 39.Bg6+ Kxg6 40.Qxe8+ Kh7 41.Ne3 Bxe3 42.Qxe3 Nc6
43.Rc5 Qd1+ 44.Kg2 Ne5 45.Rxb5 Qd7 46.Qe4+ Kh6 47.Rxa5 Qd1 48.Ra8 Ng6 49.b4 Qd7
50.Ra5 Ne5 51.h3 Qc7 52.Rc5 Qd6 53.Qd5 Qa6 54.b5 Qa1 55.b6 g5 56.b7 Qb1 57.Rb5 Qc2
58.b8=Q g4 59.Qh8+ Kg6 60.Qdg8+ Kf5 61.Qhh7+  1-0

[Event "Moscow Open Women 2012"]
[Site "Moscow RUS"]
[Date "2012.02.04"]
[Round "8.18"]
[White "Cheremnova,T"]
[Black "Grigoryeva,O2"]
[Result "1-0"]
[WhiteElo "2260"]
[BlackElo "2146"]

1.d4 d5 2.c4 c6 3.Nc3 Nf6 4.Nf3 a6 5.c5 Nbd7 6.Bf4 Nh5 7.Bd2 Nhf6 8.Bf4 Nh5
9.Bd2 Nhf6 10.Rc1 g6 11.h3 Bg7 12.Bf4 O-O 13.e3 Re8 14.Be2 Ne4 15.Nxe4 dxe4
16.Ng5 Qa5+ 17.Kf1 Nf6 18.Bc4 e6 19.Be5 h6 20.Bxf6 hxg5 21.Bxg5 b6 22.Bb3 e5
23.h4 exd4 24.exd4 Be6 25.h5 Qb5+ 26.Kg1 Qd3 27.hxg6 Qxd1+ 28.Rxd1 Bxb3 29.axb3 fxg6
30.b4 a5 31.cxb6 Reb8 32.bxa5 Rxa5 33.Bf4 Rb7 34.Bd6 Rb5 35.Bc5 Rxb2 36.Rh4 Rf7
37.Rxe4 Rfxf2 38.Rg4 Rfc2 39.Rxg6 Kh7 40.Rg4 Bf6 41.Rd3 Bg7 42.Rh3+ Bh6 43.Bf8 Rb3
44.Rxh6+  1-0

[Event "Moscow Open 2012 A"]
[Site "Moscow RUS"]
[Date "2012.02.04"]
[Round "8.77"]
[White "Rozanov,P"]
[Black "Gusarov,G"]
[Result "1/2-1/2"]
[WhiteElo "2223"]
[BlackElo "2362"]

1.d4 d5 2.c4 c6 3.Nf3 Nf6 4.Nc3 a6 5.h3 e6 6.Bg5 h6 7.Bh4 dxc4 8.a4 Bb4 9.Qc2 Nbd7
10.e4 b5 11.Be2 Bb7 12.e5 g5 13.Bg3 Nd5 14.Nd2 c5 15.dxc5 Nxc5 16.O-O Bxc3
17.bxc3 O-O 18.axb5 axb5 19.Nf3 Rxa1 20.Rxa1 Nb3 21.Ra2 Nf4 22.Bxf4 gxf4
23.Nh2 Qg5 24.Bf3 Bxf3 25.Nxf3 Qg6 26.Qxg6+ fxg6 27.Ra6 Rc8 28.Rb6 Rc5 29.Kf1 Kf7
30.Ke1 g5 31.Kd1 Rd5+ 32.Kc2 Na1+ 33.Kb2 Nb3 34.Kc2 Ke7 35.Rb7+ Ke8 36.Rh7 Rd3
37.Rxh6 Nc5 38.Ne1 Rd5 39.Nf3 Rd3 40.Ne1  1/2-1/2

[Event "Moscow Open 2012 A"]
[Site "Moscow RUS"]
[Date "2012.02.04"]
[Round "8.17"]
[White "Iordachescu,V"]
[Black "Krivoborodov,E"]
[Result "1/2-1/2"]
[WhiteElo "2651"]
[BlackElo "2513"]

1.d4 d5 2.c4 c6 3.Nf3 Nf6 4.Nc3 a6 5.e3 b5 6.c5 Nbd7 7.a3 Qc7 8.b4 a5 9.Bb2 g6
10.Nd2 e5 11.dxe5 Nxe5 12.Nb3 Bg7 13.Nxa5 O-O 14.Be2 Bf5 15.h3 Ne4 16.Nxe4 Bxe4
17.O-O Ng4 18.Bxg4 Bxb2 19.Ra2 Bg7 20.f3 Bf5 21.Bxf5 gxf5 22.Qd3 Rfe8 23.Re2 Re5
24.Rfe1 Rae8 25.Nb3 f4 26.e4 dxe4 27.Rxe4 f5 28.Rxe5 Rxe5 29.Rxe5 Qxe5 30.Qd8+ Kf7
31.Qd7+ Kg6 32.Kh2 Qe1 33.Qd6+ Kf7 34.Qc7+ Kg8 35.Qd8+ Kf7 36.Qd7+ Kg8 37.Qc8+ Bf8
38.Qxf5 Qg3+ 39.Kh1 Qe1+ 40.Kh2 Qg3+ 41.Kh1 Qe1+ 42.Kh2 Qg3+  1/2-1/2

[Event "Moscow Open 2012 A"]
[Site "Moscow RUS"]
[Date "2012.02.05"]
[Round "9.76"]
[White "Rozanov,P"]
[Black "Nikologorskiy,K"]
[Result "1/2-1/2"]
[WhiteElo "2223"]
[BlackElo "2353"]

1.d4 d5 2.c4 c6 3.Nf3 Nf6 4.Nc3 a6 5.h3 b5 6.cxd5 cxd5 7.Bf4 Bb7 8.e3 e6
9.Bd3 Be7 10.O-O O-O 11.a4 b4 12.Ne2 Nc6 13.Nc1 Ne4 14.Nb3 f5 15.Rc1 Bd6
16.Bxd6 Qxd6 17.Qe2 Rf6 18.Nc5 Nxc5 19.Rxc5 Rff8 20.Rfc1 Rfc8 21.Qe1 Rab8
22.Qe2 Ra8 23.Qe1 Rab8 24.Qe2 Ra8 25.Qe1  1/2-1/2

[Event "3rd Novy Bor Open"]
[Site "Novy Bor CZE"]
[Date "2012.02.11"]
[Round "1"]
[White "Pospisil,P"]
[Black "Oresky,J"]
[Result "0-1"]
[WhiteElo "1767"]
[BlackElo "2227"]

1.d4 d5 2.c4 c6 3.Nc3 Nf6 4.Nf3 a6 5.Bg5 b5 6.c5 g6 7.b4 Bg7 8.e3 O-O 9.Be2 Be6
10.O-O Nbd7 11.Nd2 Ne8 12.Nb3 f6 13.Bf4 Bf7 14.Na5 Qc8 15.Re1 e5 16.Bg3 Be6
17.Bg4 Nxc5 18.bxc5 Bxg4 19.f3 Be6 20.Qd2 Ra7 21.Kh1 Re7 22.Ne2 Bd7 23.a3 Nc7
24.Nb3 Rfe8 25.Rad1 Bh6 26.dxe5 fxe5 27.f4 exf4 28.Nxf4 Bg4 29.Rc1 Ne6 30.Nd4 Ng5
31.Qd3 Ne4 32.Kg1 Bf5 33.Nxf5 Qxf5 34.Rcd1 Bg7 35.Nh3 Nxg3 36.hxg3 Qxd3 37.Rxd3 d4
38.Kf2 Rxe3 39.Red1 Re2+ 40.Kf1 Rc2  0-1

[Event "3rd Novy Bor Open"]
[Site "Novy Bor CZE"]
[Date "2012.02.13"]
[Round "3"]
[White "Flak,P"]
[Black "Svobodova,M"]
[Result "1-0"]
[WhiteElo "2231"]
[BlackElo "2100"]

1.d4 d5 2.Nf3 Nf6 3.c4 c6 4.Nc3 a6 5.e3 b5 6.b3 Bg4 7.h3 Bxf3 8.Qxf3 e6 9.Bd3 Bb4
10.Bd2 Qa5 11.Rc1 bxc4 12.bxc4 dxc4 13.Bxc4 Nd5 14.e4 Bxc3 15.Bxc3 Nxc3 16.Qxc3 Qxc3+
17.Rxc3 Ke7 18.Ke2 Rd8 19.Ke3 Ra7 20.Rb1 Nd7 21.Be2 Rb8 22.Rxb8 Nxb8 23.e5 Rb7
24.f4 Rb4 25.Bd3 Rb2 26.Rc2 Rxc2 27.Bxc2 g6 28.Kd3 Kd7 29.Kc4 Kc7 30.g4 h6
31.f5 g5 32.Kb4 Nd7 33.Bb3 c5+ 34.Kc3 cxd4+ 35.Kxd4 Nf8 36.Ba4 Kd8 37.Kc5 Ke7
38.Bc2 f6 39.exf6+ Kxf6 40.Kb6 Nd7+ 41.Kxa6 exf5 42.Bxf5 Ne5 43.Kb5 Nf3 44.Kc5 Ng1
45.a4 Nxh3 46.a5 h5 47.a6 h4 48.a7 Nf2 49.a8=Q h3 50.Qa1+ Kf7 51.Qa2+  1-0

[Event "3rd Novy Bor Open"]
[Site "Novy Bor CZE"]
[Date "2012.02.15"]
[Round "5"]
[White "Koudelka,Milos"]
[Black "Ayvazyan,Nikita"]
[Result "0-1"]
[WhiteElo "1708"]
[BlackElo "1907"]

1.d4 d5 2.c4 c6 3.Nc3 Nf6 4.Nf3 a6 5.a4 e6 6.Qc2 Nbd7 7.c5 Qc7 8.g3 e5 9.dxe5 Nxe5
10.b4 a5 11.Nxe5 Qxe5 12.Bb2 axb4 13.Nb5 Qb8 14.Nd4 Be7 15.Bg2 O-O 16.O-O Ra6
17.a5 Qa7 18.Nb3 Bd8 19.Ra4 Bxa5 20.Nxa5 Rxa5 21.Rxa5 Qxa5 22.Bd4 Bd7 23.Ra1 Qb5
24.e3 b3 25.Qb2 Bf5 26.Bf1 Qb4 27.Ra7 Rb8 28.Be5 Re8 29.Bc3 Qxc5 30.Rxb7 Qd6
31.Qxb3 Ne4 32.Bb4 Qf6 33.Qd1 Nxf2 34.Qf3 Ng4 35.Bd2 Ne5 36.Qd1 Bg4 37.Be2 Bxe2
38.Qxe2 Nf3+ 39.Kg2 Nxd2 40.Qxd2 h6 41.Rb6 Qe6 42.Kf2 Qe4 43.Rb4 Qe5 44.Rd4 Rb8
45.Qc2 c5 46.Qxc5 Rb2+ 47.Kg1 Qxe3+  0-1

[Event "3rd Novy Bor Open"]
[Site "Novy Bor CZE"]
[Date "2012.02.18"]
[Round "9"]
[White "Kaderabek,J"]
[Black "Piankov,E"]
[Result "0-1"]
[WhiteElo "2214"]
[BlackElo "2362"]

1.d4 d5 2.Nf3 Nf6 3.c4 c6 4.Nc3 a6 5.h3 b5 6.cxd5 cxd5 7.Bf4 e6 8.e3 Nc6
9.Rc1 Bb7 10.Bd3 Bd6 11.Ne5 Bxe5 12.Bxe5 Nxe5 13.dxe5 Nd7 14.f4 Qh4+ 15.Kf1 O-O
16.Qg4 Qe7 17.Ne2 f5 18.exf6 Nxf6 19.Qg5 e5 20.Ng3 exf4 21.Nf5 Qd7 22.exf4 Ne4
23.Qe7 Qxf5 24.Bxe4 Qxf4+  0-1

[Event "Caissa GM Feb 2012"]
[Site "Kecskemet HUN"]
[Date "2012.02.20"]
[Round "3.2"]
[White "Ilincic,Z"]
[Black "Galyas,M"]
[Result "1/2-1/2"]
[WhiteElo "2450"]
[BlackElo "2467"]

1.d4 d5 2.c4 c6 3.Nf3 Nf6 4.Nc3 a6 5.c5 Bf5 6.Qb3 Ra7 7.h3 Nbd7 8.Bf4 g6
9.e3 Bg7 10.Be2 Be4 11.O-O Bxf3 12.Bxf3 O-O 13.Qd1 Re8 14.b4 e5 15.Bh2 exd4
16.exd4 Nf8 17.Re1 Rxe1+ 18.Qxe1 Ne6 19.Be5  1/2-1/2

[Event "US Amateur Team-ch East"]
[Site "Parsippany USA"]
[Date "2012.02.20"]
[Round "6"]
[White "Goldberg,B"]
[Black "Dorobanov,S"]
[Result "1/2-1/2"]
[WhiteElo "2061"]
[BlackElo "2292"]

1.d4 d5 2.c4 c6 3.Nf3 Nf6 4.Nc3 a6 5.c5 Nbd7 6.Bf4 Nh5 7.Bg5 h6 8.Bd2 Nhf6
9.Bf4 g6 10.e3 Bg7 11.h3 O-O 12.Be2 Ne4 13.Nxe4 dxe4 14.Nd2 e5 15.dxe5 Nxc5
16.O-O Qe7 17.Nc4 g5 18.Bg3 Rd8 19.Qc2 b5 20.Na5 Bd7 21.Rac1 Nd3 22.Nxc6 Bxc6
23.Bxd3 exd3 24.Qxc6 Bxe5 25.Bxe5 Qxe5 26.Qxh6 d2 27.Rcd1 Qg7 28.Qxg7+ Kxg7
29.f4 gxf4 30.exf4 Rac8 31.a3 Rc2 32.b4 Rd3 33.Rf2 Rc1 34.Rff1 Rc2 35.Rf2 Rc1  1/2-1/2

[Event "2nd HD Bank Cup 2012"]
[Site "Ho Chi Minh City VIE"]
[Date "2012.03.02"]
[Round "2.32"]
[White "Chung Juen Sen"]
[Black "Nguyen Huynh Minh Huy"]
[Result "0-1"]
[WhiteElo "1993"]
[BlackElo "2460"]

1.d4 d5 2.c4 c6 3.Nc3 Nf6 4.Nf3 a6 5.e3 e6 6.b3 Bb4 7.Bd2 Nbd7 8.Bd3 O-O
9.O-O Bd6 10.Qc2 h6 11.Rfe1 Re8 12.Rad1 Qe7 13.h3 b6 14.cxd5 cxd5 15.e4 dxe4
16.Bxe4 Nxe4 17.Qxe4 Rb8 18.Qg4 Nf6 19.Qh4 Bb7 20.Ne5 Rbc8 21.Na4 Qd8 22.Bxh6 gxh6
23.Qxh6 Bf8 24.Qg5+ Bg7 25.Rd3 Nd7 26.Qg3 Nf8 27.Qg4 f6 28.Ng6 f5 29.Qh5 b5
30.Nc3 Nxg6 31.Qxg6 Qf6 32.Qh5 Rcd8 33.Rg3 Qf7 34.Qh6 Rxd4 35.Rg5 Rd7 36.Ne2 Kf8
37.Qh7 Bf6 38.Qh6+ Ke7 39.Rg3 Be5 40.Nf4 Bxf4 41.Qh4+ Kd6 42.Qxf4+ e5 43.Rd3+ Bd5
44.Qb4+ Kc7 45.Qc5+ Kb7 46.Red1 Red8 47.Re3 Qg6 48.g3 f4 49.Rxe5 Bc6 50.Rxd7+ Rxd7
51.Qc3 fxg3 52.fxg3  0-1

[Event "TCh-LTU 2012"]
[Site "Lithuania LTU"]
[Date "2012.03.03"]
[Round "6"]
[White "Vaznonis,V"]
[Black "Narmontas,M"]
[Result "1-0"]
[WhiteElo "2387"]
[BlackElo "2398"]

1.d4 d5 2.c4 c6 3.Nf3 Nf6 4.Nc3 a6 5.c5 g6 6.Bf4 Bg7 7.h3 Ne4 8.Qb3 Nd7 9.e3 Qa5
10.Qa4 Qxa4 11.Nxa4 O-O 12.Be2 Re8 13.O-O e5 14.Nxe5 Bxe5 15.Bxe5 Nxe5 16.dxe5 Rxe5
17.Nb6 Rb8 18.Rac1 Nf6 19.Rfd1 Bf5 20.g4 Bd7 21.Rd4 Rbe8 22.Rf4 Be6 23.Rxf6 d4
24.Nc4 Bxc4 25.Bxc4 dxe3 26.fxe3 R8e7 27.Rcf1 Rxc5 28.Rxf7 Rxf7 29.Bxf7+ Kg7
30.Bb3  1-0

[Event "Tel Aviv GM"]
[Site "Tel Aviv ISR"]
[Date "2012.03.04"]
[Round "6"]
[White "Gladyszev,O"]
[Black "Jirka,J"]
[Result "0-1"]
[WhiteElo "2458"]
[BlackElo "2415"]

1.d4 d5 2.c4 c6 3.Nf3 Nf6 4.Nc3 a6 5.a4 e6 6.Bf4 Bb4 7.e3 Nbd7 8.Qb3 Qa5
9.Bd3 dxc4 10.Bxc4 Nd5 11.O-O Nxf4 12.exf4 Nf6 13.f5 Nd5 14.fxe6 Bxe6 15.Na2 Bd6
16.Qxb7 O-O 17.Qxc6 Rfd8 18.Bd3 Nf4 19.Qe4 Qh5 20.Nc3 Bg4 21.Rfd1 f5 22.Qe3 Nxg2
23.Qe6+ Kh8 24.Ne5 Bxe5 25.Qxe5 Nh4 26.Qg3 Rxd4 27.Ne2 Bxe2 28.Bxe2 Qxe2
29.Rxd4 Nf3+ 30.Qxf3 Qxf3 31.Ra3 Qe2 32.Rad3 h6 33.Rd2 Qe1+ 34.Kg2 Rf8 35.Rd1 Qe5
36.R1d2 Rf6 37.f3 Rg6+ 38.Kf1 Qe3  0-1

[Event "PriFO Champ RUS 2012"]
[Site "Tolyatti RUS"]
[Date "2012.03.04"]
[Round "7.25"]
[White "Talipov,N"]
[Black "Tokarev,Ilya"]
[Result "0-1"]
[WhiteElo "2132"]
[BlackElo "2288"]

1.d4 d5 2.c4 c6 3.Nc3 Nf6 4.Nf3 a6 5.cxd5 cxd5 6.Bg5 Nc6 7.a3 Bf5 8.e3 Ne4
9.Bd3 Nxg5 10.Bxf5 e6 11.Bd3 Bd6 12.h4 Nxf3+ 13.Qxf3 f5 14.g4 Qf6 15.gxf5 g6
16.Ke2 gxf5 17.Rag1 O-O-O 18.b4 Kb8 19.b5 Nxd4+ 20.exd4 Qxd4 21.bxa6 Qxc3
22.Rb1 Rd7 23.Rhc1 Qd4 24.Rc6 Rc8 25.Rcb6 Rcc7 26.Qh5 Bc5 27.Qe8+ Ka7 28.axb7 Qxf2+
29.Kd1 Qg1+ 30.Ke2 Qe3+ 31.Kf1 Qf2+  0-1

[Event "2nd HD Bank Cup 2012"]
[Site "Ho Chi Minh City VIE"]
[Date "2012.03.05"]
[Round "6.43"]
[White "Chung Juen Sen"]
[Black "Vu Thi Dieu Ai"]
[Result "0-1"]
[WhiteElo "1993"]
[BlackElo "1833"]

1.d4 d5 2.c4 c6 3.Nf3 Nf6 4.Nc3 a6 5.b3 b5 6.e3 e6 7.Be2 Bb4 8.Bd2 O-O 9.O-O Nbd7
10.a3 Bd6 11.Qc2 bxc4 12.bxc4 dxc4 13.Bxc4 c5 14.Bd3 Bb7 15.Ne1 Qc7 16.h3 Rac8
17.Rb1 h6 18.Qb3 Rb8 19.Qa4 Ra8 20.Ne2 Bc6 21.Qd1 Rfb8 22.Rxb8+ Rxb8 23.Bxa6 Ra8
24.Bc4 cxd4 25.Nxd4 Bxg2 26.Nxg2 Qxc4 27.Bb4 Bxb4 28.axb4 Qxb4 29.Qf3 Rc8
30.Ra1 Ne5 31.Qg3 Nd3 32.Ra7 Qb6 33.Re7 Ne4 34.Qf3 Rc1+ 35.Kh2 Qd6+  0-1

[Event "2nd HD Bank Cup 2012"]
[Site "Ho Chi Minh City VIE"]
[Date "2012.03.07"]
[Round "9.9"]
[White "Li Shilong"]
[Black "Dao Thien Hai"]
[Result "1/2-1/2"]
[WhiteElo "2549"]
[BlackElo "2516"]

1.d4 d5 2.c4 c6 3.Nf3 Nf6 4.Nc3 a6 5.g3 dxc4 6.a4 c5 7.d5 e6 8.e4 exd5 9.e5 Nfd7
10.Qxd5 Be7 11.Bxc4 O-O 12.Qe4 Nb6 13.Bd3 g6 14.Be2 Nc6 15.Bh6 Bf5 16.Qf4 Re8
17.Rd1 Qc8 18.Ne4 Bxe4 19.Qxe4 Bf6 20.Qf4 Bh8 21.O-O Nxe5 22.Ng5 Qf5 23.a5 Qxf4
24.gxf4 Nc6 25.Bf3 Nxa5 26.Ne4 Bxb2 27.Nxc5 Re7 28.Rfe1 Rxe1+ 29.Rxe1 Bg7
30.Bxg7 Kxg7 31.Ra1 Nbc4 32.Nxb7 Nxb7 33.Bxb7 Ra7 34.Bxa6 Nb6 35.Ra2 Nd5
36.Bc4 Rxa2 37.Bxa2 Nxf4 38.f3 f5 39.Kf2 Kf6 40.Bg8 h6 41.Bc4 Ke5 42.Ke3 g5
43.Bf7 Nd5+ 44.Kd3 Nb4+ 45.Ke3 Nd5+ 46.Kd3 h5 47.Be8 Nf6 48.Bc6 Kf4 49.Ke2 Ng8
50.Be8 h4 51.Kf2 Ne7 52.Ke2 Nc8 53.Kf2 Nd6 54.Bc6 Nc4 55.Bb7 Ke5 56.Bc8 Nd6
57.Ba6 Kd4 58.Ke2 Kc3 59.Kd1 f4 60.Ke1 Nf5 61.Bb7 Nd6 62.Ba6 Ne8 63.Ke2 Nc7
64.Bb7 Ne6 65.Be4 Nd4+ 66.Kd1 Nb3 67.Bh7 Nc5 68.Bf5 Na6 69.Bh7 Nc7 70.Be4 Kd4
71.Bb7 Ke3 72.Ke1 h3 73.Kf1 Ne6 74.Bc8 Nd4 75.Bxh3 Nxf3 76.Kg2 Nh4+ 77.Kf1 f3
78.Bc8 Ng6 79.Ba6 Ne5 80.Bc8 Nc4 81.Ba6 Nd6 82.Kg1 Kf4 83.Kf1 Ne4 84.Bc8 Nc5
85.Kf2 Ne4+ 86.Kf1 Nf6 87.Kf2 Ne4+ 88.Kf1 Ke3 89.Ba6 Nc3 90.Bc4 Ke4 91.Ba6 Kf4
92.Bc8 Ne4 93.Kg1 Ke3 94.Ba6 Nf6 95.Kf1 Ne4 96.Kg1 Nc5 97.Bb5 Ne4 98.Ba6 Nf2
99.Kf1 Ng4 100.Kg1 Kf4 101.Bc8 Nf6 102.Kf2 g4 103.Kf1 Ke3 104.Ba6 Ne4 105.Kg1 Nc3
106.Kf1 Ne2 107.Bc4 g3 108.hxg3 Nxg3+ 109.Kg1 Ne4 110.Ba6 Kf4 111.Bb7 Ke3
112.Bxe4  1/2-1/2

[Event "83rd ch-GER 2012"]
[Site "Osterburg GER"]
[Date "2012.03.09"]
[Round "8"]
[White "Jorczik,J"]
[Black "Nuber,K"]
[Result "1-0"]
[WhiteElo "2391"]
[BlackElo "2308"]

1.d4 d5 2.c4 c6 3.Nf3 Nf6 4.Nc3 a6 5.a4 g6 6.g3 Bg7 7.Bg2 Nbd7 8.cxd5 cxd5
9.O-O b6 10.Ne5 Bb7 11.Nxd7 Qxd7 12.Qb3 Qd8 13.Bg5 Ne4 14.Nxe4 dxe4 15.Rac1 O-O
16.e3 Ra7 17.Bf4 Bd5 18.Qc2 Qa8 19.h4 f5 20.Qd2 a5 21.Rc3 Rc8 22.Rfc1 Rxc3
23.Rxc3 Be6 24.Bf1 Bd7 25.Qc2 Qe8 26.Qb3+ e6 27.Qxb6 Ra8 28.Rc7 Bf6 29.Bg5 Rb8
30.Qd6 Bxg5 31.hxg5 Rd8 32.Bc4 Kf7 33.d5  1-0

[Event "TCh-SVK Extraliga 2011-12"]
[Site "Slovakia SVK"]
[Date "2012.03.09"]
[Round "9.6"]
[White "Dobrotka,M"]
[Black "Betko,L"]
[Result "0-1"]
[WhiteElo "2259"]
[BlackElo "2208"]

1.d4 Nf6 2.Nf3 c6 3.c4 d5 4.Nc3 a6 5.e3 b5 6.cxd5 cxd5 7.Bd3 Bg4 8.O-O e6
9.Qe2 Be7 10.Rd1 Nc6 11.a4 b4 12.Nb1 Qb6 13.Nbd2 O-O 14.Nb3 Ne4 15.Bd2 f5
16.a5 Qb7 17.Rdc1 e5 18.Be1 Rf6 19.Rc2 Rg6 20.Rac1 Ng5 21.Rxc6 Bxf3 22.Qc2 Nh3+
23.Kf1 Rxg2  0-1

[Event "TCh-SVK Extraliga 2011-12"]
[Site "Slovakia SVK"]
[Date "2012.03.09"]
[Round "9.2"]
[White "Vovk,Y"]
[Black "Velicka,P"]
[Result "1-0"]
[WhiteElo "2577"]
[BlackElo "2462"]

1.d4 d5 2.c4 c6 3.Nf3 Nf6 4.Nc3 a6 5.e3 b5 6.b3 Bg4 7.Qc2 e6 8.Ne5 Bf5 9.Bd3 Bxd3
10.Nxd3 Nbd7 11.O-O Be7 12.Ne2 O-O 13.a4 Qb8 14.Bd2 Rc8 15.Rfc1 Nb6 16.c5 Nbd7
17.Ra3 e5 18.Rca1 e4 19.Nb4 Bd8 20.axb5 Qxb5 21.Ng3 a5 22.Nf5 Qe2 23.Be1 Qh5
24.Nd6 Bc7 25.Nxc6 Kf8 26.Bxa5 Bxd6 27.cxd6 Ne8 28.Bc7 Nxc7 29.dxc7 Rxa3
30.Rxa3 g5 31.Ra7 Nf6 32.b4 Ne8 33.b5 Nxc7 34.Ne5 Ne8 35.Rxf7+ Kg8 36.g4 Qxh2+
37.Kxh2 Rxc2 38.Rf5 Nd6 39.Rxg5+ Kh8 40.Kg3 Rb2 41.Nd7  1-0

[Event "European Ind w Rapid 2012"]
[Site "Gaziantep TUR"]
[Date "2012.03.15"]
[Round "2"]
[White "Zhukova,N"]
[Black "Stefanova,A"]
[Result "0-1"]
[WhiteElo "2435"]
[BlackElo "2531"]

1.d4 d5 2.c4 c6 3.Nf3 Nf6 4.Nc3 a6 5.g3 dxc4 6.Ne5 b5 7.Bg2 Bb7 8.O-O e6
9.a4 Qc8 10.e4 Nbd7 11.f4 Bb4 12.f5 O-O 13.Bg5 exf5 14.Rxf5 Nxe5 15.dxe5 Nd7
16.Bf6 Nxf6 17.exf6 g6 18.Qc1 Re8 19.Rh5 Bf8 20.Qg5 Qe6 21.Rf1 Kh8 22.Rh3 Qe5
23.Qh4 h6 24.g4 Bc8 25.Kh1 Kg8 26.Ne2 Rb8 27.Ng3 Qg5 28.Qxg5 hxg5 29.Nf5 bxa4
30.Nd4 Rxb2 31.Nxc6 Bxg4 32.Rg3 Be2 33.Re1 g4 34.e5 a3 35.Re3 a2 36.Be4 Bf3+  0-1

[Event "European Ind w Rapid 2012"]
[Site "Gaziantep TUR"]
[Date "2012.03.15"]
[Round "10"]
[White "Gunina,V"]
[Black "Stefanova,A"]
[Result "0-1"]
[WhiteElo "2511"]
[BlackElo "2531"]

1.d4 d5 2.c4 c6 3.Nf3 Nf6 4.Nc3 a6 5.cxd5 cxd5 6.Bg5 Ne4 7.Bf4 Nc6 8.e3 Qa5
9.Rc1 Nxc3 10.bxc3 Qxa2 11.Bd3 Qa5 12.O-O g6 13.c4 Bg7 14.cxd5 Qxd5 15.e4 Qa5
16.d5 Nb4 17.d6 O-O 18.dxe7 Re8 19.Bc4 Rxe7 20.Bd6 Rxe4 21.Bf4 Re7 22.Bd6 Re4
23.Qb3 Rxc4 24.Qxc4 Nc6 25.Qh4 Bf5 26.Rfe1 Qd8 27.Qf4 h6 28.h4 Qf6 29.Bc7 a5
30.Ne5 Nb4 31.Bxa5 Nc2 32.Re2 Rxa5 33.Nc4 Ra1 34.Rxa1 Qxa1+ 35.Kh2 Nd4 36.Re8+ Kh7
37.Re7 Be6 38.Nd2 Nf5  0-1

[Event "ch-CZE U20 2012"]
[Site "Kouty nad Desnou CZE"]
[Date "2012.03.15"]
[Round "9"]
[White "Kratochvil,Jo"]
[Black "Gabriel,Ad"]
[Result "1-0"]
[WhiteElo "2236"]
[BlackElo "2106"]

1.d4 d5 2.c4 c6 3.Nf3 Nf6 4.Nc3 a6 5.e3 b5 6.b3 Bg4 7.Be2 e6 8.O-O Nbd7 9.Bb2 Bd6
10.h3 Bh5 11.Nd2 Bg6 12.Re1 b4 13.Na4 O-O 14.a3 a5 15.Nf3 h6 16.axb4 axb4
17.Ne5 Bxe5 18.dxe5 Ne4 19.cxd5 cxd5 20.Rc1 Qh4 21.Rf1 Rac8 22.Bb5 Ndc5 23.Nxc5 Rxc5
24.Rxc5 Nxc5 25.Bd4 Ne4 26.Qe1 Rc8 27.Qxb4 Rc2 28.Qe1 Nd2 29.f4 Qxe1 30.Rxe1 Nxb3
31.Re2 Rc1+ 32.Kf2 Nxd4 33.exd4 Rd1 34.Ke3 Be4 35.Rf2 Rb1 36.Bd3 Rb3 37.Rd2 h5
38.g3 Kh7 39.Ke2 Kg6 40.g4 Kh6 41.Bxe4 dxe4 42.d5 exd5 43.Rxd5 Rxh3 44.Rd6+ g6
45.gxh5 Kxh5 46.Rf6 Ra3 47.Rxf7 Kg4 48.e6 Ra8 49.Ke3 Ra6 50.Rf6 Ra8 51.e7 Re8
52.Rf7 Kh4 53.Kxe4 g5 54.f5 g4 55.f6 Kg5 56.Rf8 g3 57.Rxe8 g2 58.Rg8+  1-0

[Event "Nis Open 2012"]
[Site "Nis SRB"]
[Date "2012.03.17"]
[Round "8"]
[White "Milovanovic,Srb"]
[Black "Ostojic,N2"]
[Result "1/2-1/2"]
[WhiteElo "2199"]
[BlackElo "2047"]

1.d4 d5 2.Nf3 Nf6 3.c4 c6 4.Nc3 a6 5.e3 b5 6.b3 Bg4 7.Be2 e6 8.O-O Bd6 9.Qc2 O-O
10.e4 dxe4 11.Nxe4 Nxe4 12.Qxe4 Bf5 13.Qe3 Nd7 14.Bd3 Bxd3 15.Qxd3 Qc7 16.Bb2 Rad8
17.h3 h6 18.Rac1 Qa5 19.Qc2 Ba3 20.Rfd1 Bxb2 21.Qxb2 Rc8 22.Ne5 Rfd8 23.Nxd7 Rxd7
24.cxb5 axb5 25.Rc5 Qa6 26.Rdc1 Ra8 27.R1c2 Rd6 28.Qc3 Rad8 29.Rxc6 Rxc6
30.Qxc6 Qxc6 31.Rxc6 Rxd4 32.Rc8+ Kh7 33.Rc5 Rd1+ 34.Kh2 b4 35.Rc4 Rd2 36.Kg3 Rxa2
37.Rxb4 Kg6 38.Rb8 Kf6 39.b4 Rb2 40.b5 e5 41.b6 Rb3+ 42.f3 e4 43.Kf2 exf3
44.gxf3 g5  1/2-1/2

[Event "ch-VIE Men 2012"]
[Site "Can Tho VIE"]
[Date "2012.03.21"]
[Round "5.11"]
[White "Tran Quoc Dung"]
[Black "Ton,T"]
[Result "1-0"]
[WhiteElo "2296"]
[BlackElo "2177"]

1.d4 d5 2.c4 c6 3.Nc3 Nf6 4.Nf3 a6 5.e3 b5 6.b3 Bg4 7.Be2 e6 8.O-O Nbd7 9.cxd5 cxd5
10.Ne5 Bxe2 11.Nxe2 Nxe5 12.dxe5 Nd7 13.Bb2 Bc5 14.Ng3 O-O 15.Qg4 Kh8 16.Rad1 Qa5
17.Nh5 g6 18.Nf4 Qxa2 19.Ba1 Rae8 20.Rxd5 Rd8 21.Rd3 Bb6 22.h4 Nc5 23.Rd6 Bc7
24.Rc6 Nxb3 25.Rxc7 Nxa1 26.Qg5 Qa4 27.Qf6+ Kg8 28.Nxe6  1-0

[Event "ch-VIE Men 2012"]
[Site "Can Tho VIE"]
[Date "2012.03.22"]
[Round "6"]
[White "Bui Vinh"]
[Black "Tran Quoc Dung"]
[Result "1-0"]
[WhiteElo "2463"]
[BlackElo "2296"]

1.d4 d5 2.Nf3 Nf6 3.c4 c6 4.Nc3 a6 5.a4 g6 6.e3 Bg7 7.Be2 O-O 8.O-O Nbd7
9.a5 Re8 10.Qb3 e6 11.Rd1 Qc7 12.Bd2 h6 13.Be1 Rb8 14.Qc2 dxc4 15.Bxc4 c5
16.d5 exd5 17.Nxd5 Nxd5 18.Rxd5 Kh7 19.Rad1 Nf6 20.Rd6 Ne4 21.Rb6 Re7 22.h3 Bf5
23.Nh4 Nd6 24.Nxf5 Nxf5 25.Bd3 Qc8 26.Bxf5 Qxf5 27.Qxf5 gxf5 28.Bc3 Bxc3
29.bxc3 Rc8 30.g3 c4 31.Rd5 Kg7 32.Kg2 Rcc7 33.Kf3 Re6 34.Rb4 Kf6 35.h4 Re5
36.Rxe5 Kxe5 37.h5 Kf6 38.Kf4 Rc5 39.Rxb7 Rxa5 40.Rb6+ Kg7 41.Rc6 Ra2 42.f3 a5
43.Rxc4 a4 44.Kxf5 a3 45.Ra4 Rf2 46.f4 a2 47.e4 Rc2 48.g4 Rf2 49.e5 Kf8 50.Ra7 Ke8
51.c4 Kd8 52.c5 Kc8 53.g5 Kb8 54.Ra5 hxg5 55.Kxg5 Kc7 56.h6 Rh2 57.h7 Rxh7
58.Rxa2 Kc6 59.Rc2 Rh1 60.Kf6 Rf1 61.Rc4  1-0

[Event "ch-VIE Men 2012"]
[Site "Can Tho VIE"]
[Date "2012.03.23"]
[Round "7"]
[White "Dao Thien Hai"]
[Black "Bui Vinh"]
[Result "1-0"]
[WhiteElo "2516"]
[BlackElo "2463"]

1.d4 d5 2.c4 c6 3.Nf3 Nf6 4.Nc3 a6 5.a4 e6 6.g3 a5 7.Bg2 Na6 8.O-O Nb4 9.Bf4 b6
10.Ne5 Be7 11.cxd5 exd5 12.e4 Bb7 13.exd5 cxd5 14.Nb5 O-O 15.Re1 Rc8 16.Bh3 Rc2
17.Nd3 Rc6 18.Ne5 Rc2 19.Nd3 Rc6 20.Re2 Nxd3 21.Qxd3 Ba6 22.Rc2 Bxb5 23.axb5 Rxc2
24.Qxc2 Bd6 25.Be3 Qe8 26.Qb3 Bb4 27.Qd3 Qe4 28.Qxe4 dxe4 29.Rc1 Nd5 30.Rc6 Rd8
31.Bf1 g6 32.Bc1 a4 33.Bc4 Ne7 34.Be3 Nxc6 35.bxc6 Bd6 36.d5 b5 37.Bxb5 Be5
38.Bc4 Kf8 39.Bc5+ Kg7 40.Be7 Rb8 41.d6 Rb6 42.Bd5 Rxb2 43.d7 Bc7 44.Bd6  1-0

[Event "ch-VIE Men 2012"]
[Site "Can Tho VIE"]
[Date "2012.03.23"]
[Round "7"]
[White "Hoang Van Ngoc"]
[Black "Nguyen Huynh Minh Huy"]
[Result "0-1"]
[WhiteElo "2201"]
[BlackElo "2460"]

1.d4 d5 2.c4 c6 3.Nc3 Nf6 4.Nf3 a6 5.c5 Bf5 6.Bf4 Nbd7 7.e3 Nh5 8.Bg5 h6
9.Bh4 g5 10.Bg3 Nxg3 11.hxg3 e5 12.Be2 Bg7 13.b4 Qe7 14.dxe5 Nxe5 15.Nd4 Bh7
16.O-O O-O 17.g4 Rad8 18.a4 Rfe8 19.Rc1 Bg6 20.Re1 a5 21.Na2 axb4 22.Nxb4 Ra8
23.Nd3 Nc4 24.Bf1 Qd7 25.Ra1 Re4 26.Nb4 Rae8 27.Nbc2 R4e7 28.Be2 Qc7 29.Ra2 Qa5
30.Nb3 Qc3 31.Ncd4 Nxe3 32.fxe3 Qxe3+ 33.Kh1 Be4 34.Bf1 Qg3 35.Nf5 Bxf5 36.Rxe7 Rxe7
37.gxf5 Re1 38.Qf3 Qxf3 39.gxf3 Rxf1+ 40.Kg2 Rb1 41.Nd2 Rb4 42.a5 Bd4 43.Kh3 Bxc5
44.a6 bxa6 45.Rxa6 Rb6 46.Ra8+ Kg7 47.Rc8 Bd6 48.Nf1 Bf4 49.Ng3 Bxg3 50.Kxg3 Kf6  0-1

[Event "ch-VIE Men 2012"]
[Site "Can Tho VIE"]
[Date "2012.03.23"]
[Round "7"]
[White "Nguyen,Minh Tuan"]
[Black "Pham Duc Thang"]
[Result "1-0"]
[WhiteElo "2126"]
[BlackElo "2232"]

1.d4 d5 2.c4 c6 3.Nf3 Nf6 4.Nc3 a6 5.cxd5 cxd5 6.Qb3 Nc6 7.Bg5 e6 8.e3 Be7
9.Bd3 O-O 10.O-O b5 11.Rac1 Bb7 12.Qd1 Rc8 13.Qe2 Na5 14.Ne5 Nc4 15.f4 Nd6
16.a3 Nfe4 17.Bxe4 dxe4 18.Qg4 Bxg5 19.fxg5 Nf5 20.Rxf5 exf5 21.Qxf5 Qe7
22.Nd7 Rfd8 23.Nc5 g6 24.Qf4 Rxc5 25.dxc5 Qxc5 26.Ne2 Qd6 27.Qxd6 Rxd6 28.Nd4 Kg7
29.Rc7 Bd5 30.Kf2 h6 31.h4 hxg5 32.hxg5 Kf8 33.Kg3 Ke8 34.Kf4 Kd8 35.Ra7 Rb6
36.Ke5 Bb7 37.Nb3 Re6+ 38.Kf4 Bc8 39.Nd4 Rb6 40.Rxf7  1-0

[Event "13th EICC"]
[Site "Plovdiv BUL"]
[Date "2012.03.23"]
[Round "4.19"]
[White "Cheparinov,I"]
[Black "Shimanov,A"]
[Result "1-0"]
[WhiteElo "2664"]
[BlackElo "2591"]

1.d4 d5 2.c4 c6 3.Nf3 Nf6 4.Nc3 a6 5.a4 e6 6.g3 c5 7.cxd5 cxd4 8.Nxd4 Nxd5
9.Nb3 Bb4 10.Bd2 Nxc3 11.bxc3 Be7 12.Bg2 Qc7 13.O-O Bd7 14.Qc2 O-O 15.c4 Bc6
16.e4 e5 17.c5 Bd7 18.Rfc1 Be6 19.Na5 Nc6 20.Nxc6 Qxc6 21.Be3 Rac8 22.Rab1 Rfd8
23.a5 Qc7 24.Qc3 Re8 25.Bf1 Bd7 26.Bc4 Bc6 27.Bd5 Bd8 28.Qc4 Bb5 29.Rxb5 axb5
30.Qxb5 Re7 31.Bg5 Rd7 32.Bd2 h6 33.Kg2 Bg5 34.c6 bxc6 35.Rxc6 Qd8 36.Bb4 Be7
37.Bxf7+ Kf8 38.Bd5 Rxc6 39.Bxc6 Bxb4 40.Qxb4+  1-0